00859nam a2200265Ia 450000500170000000800410001702000180005808200160007610000180009224500730011025000390018330000430022249000260026550000210029150400270031265000220033965000200036165000170038170000230039826400490042133600270047033700330049733800280053004000350055820220317001129.0160825s2007 mx a g 000 0 spa  a978968166601204a576.5bB17g1 aBarahona, Ana10aGenéticabla continuidad de la vidacAna Barahona, Daniel Piñero a3a. edición b2a. reimpresión  a147 páginas bilustraciones c21 cm  aLa ciencia para todos aIncluye glosario aIncluye bibliografía142LEMBaGenética 142LEMBaHerencia 142LEMB aGenes1 aPiñero, Patricia aMéxicobFondo de Cultura Económicac2007 atextobtxt2rdacontent asin mediaciónbn2rdamedia avolumenbnc2rdacarrier aCO-BoRNBPbspaerdacCO-BoRNBP